[Event "9th EUROPEAN  INDIVIDUAL  WOME"]
[Site "Plovdiv, Bulgaria"]
[Date "2008.04.24"]
[Round "4"]
[Board "1"]
[White "Stefanova, Milena"]
[Black "Velcheva, Maria"]
[Result "0-1"]
[WhiteElo "2029"]
[BlackElo "2262"]
[PlyCount "88"]
[EventDate "2008.04.21"]
[EventRounds "11"]
[EventCountry "BUL"]

1.e4 c5 2.c3 d5 3.exd5 Qxd5 4.d4 Nf6 5.dxc5 Qxc5 6.Be3 Qc7 7.Na3 a6 8.Nc4 Nbd7
9.Qf3 e5 10.g4 e4 11.Qe2 Be7 12.Rd1 h6 13.Nh3 b5 14.Rxd7 Bxd7 15.Nb6 Rd8 16.Nxd7
Qxd7 17.Bb6 Rb8 18.Bd4 Qxg4 19.Qc2 g5 20.Be5 Rd8 21.a4 bxa4 22.Qxa4+ Qd7
23.Qxd7+ Kxd7 24.Bxa6 Ra8 25.Be2 Ke6 26.Bd4 Rhb8 27.b4 Kf5 28.f3 Ra1+ 29.Bd1
exf3 30.Kf2 Ra2+ 31.Ke3 Nd5+ 32.Kd3 g4 33.Bb3 Nxb4+ 34.cxb4 Ra3 35.Kc2 Rxb4
36.Re1 Rxd4 37.Rxe7 Rxb3 38.Kxb3 gxh3 39.Rxf7+ Ke4 40.Kc3 Rd3+ 41.Kc2 Ra3
42.Re7+ Kf4 43.Kb2 Ra5 44.Kc3 f2

[Event "9th EUROPEAN  INDIVIDUAL  WOME"]
[Site "Plovdiv, Bulgaria"]
[Date "2008.04.24"]
[Round "4"]
[Board "1"]
[White "Schneider, Veronika"]
[Black "Boyarchenko, Marie"]
[Result "1-0"]
[WhiteElo "2261"]
[BlackElo "1877"]
[PlyCount "61"]
[EventDate "2008.04.21"]
[EventRounds "11"]
[EventCountry "BUL"]

1.e4 c5 2.Nf3 e6 3.d4 cxd4 4.Nxd4 a6 5.Bd3 Bc5 6.Nb3 Be7 7.Qg4 Nf6 8.Qxg7 Rg8
9.Qh6 Rg6 10.Qe3 Rxg2 11.Qf3 Rg7 12.Bh6 Rg6 13.Bf4 Rg8 14.Nc3 Nc6 15.e5 Ng4
16.Rg1 f5 17.exf6 Nxf6 18.Rxg8+ Nxg8 19.Qh5+ Kf8 20.Bxh7 Bf6 21.Qg6 Bg7 22.Bd6+
Nce7 23.Ne4 Qe8 24.Qg5 Nh6 25.Bg6 Nf7 26.Qh4 Qd8 27.Qf4 Qe8 28.Nf6 Bxf6 29.Qxf6
b6 30.Bxf7 Qxf7 31.Bxe7+

[Event "9th EUROPEAN  INDIVIDUAL  WOME"]
[Site "Plovdiv, Bulgaria"]
[Date "2008.04.24"]
[Round "4"]
[Board "1"]
[White "Bensdorp, Laura"]
[Black "Raeva, Elitsa"]
[Result "0-1"]
[WhiteElo "2085"]
[BlackElo "2258"]
[PlyCount "88"]
[EventDate "2008.04.21"]
[EventRounds "11"]
[EventCountry "BUL"]

1.e4 c5 2.Nf3 a6 3.c4 e6 4.Nc3 Nc6 5.d4 cxd4 6.Nxd4 Qc7 7.Be3 Nf6 8.Nxc6 bxc6
9.Bd3 Rb8 10.Rb1 Be7 11.O-O d5 12.cxd5 exd5 13.h3 O-O 14.exd5 cxd5 15.Bd4 Be6
16.Qf3 Rfd8 17.Rfe1 Qd7 18.Bc2 Rb4 19.Ne2 Ne4 20.a3 Rc4 21.Bd3 Rc6 22.Ng3 f5
23.Qe2 Bh4 24.Nh5 g6 25.Nf4 Bf7 26.g3 Bg5 27.Bxa6 Bxf4 28.gxf4 Re6 29.Be5 g5
30.f3 gxf4 31.fxe4 fxe4 32.Bxf4 Qa7+ 33.Kh2 Rxa6 34.Rg1+ Rg6 35.Rbf1 Qb7 36.Qf2
d4 37.Be5 e3 38.Qf6 Qxb2+ 39.Kh1 Bd5+ 40.Rf3 Bxf3+ 41.Qxf3 Rxg1+ 42.Kxg1 Qf2+
43.Qxf2 exf2+ 44.Kxf2 d3

[Event "9th EUROPEAN  INDIVIDUAL  WOME"]
[Site "Plovdiv, Bulgaria"]
[Date "2008.04.24"]
[Round "4"]
[Board "1"]
[White "Rogule, Laura"]
[Black "Nikolaidou, Eleni"]
[Result "1-0"]
[WhiteElo "2255"]
[BlackElo "1817"]
[PlyCount "139"]
[EventDate "2008.04.21"]
[EventRounds "11"]
[EventCountry "BUL"]

1.e4 c5 2.Nc3 Nc6 3.g3 g6 4.Bg2 Bg7 5.Nge2 d6 6.O-O e5 7.d3 Nge7 8.f4 O-O 9.Be3
Rb8 10.fxe5 Bxe5 11.Bh6 Bg7 12.Bxg7 Kxg7 13.Qd2 Be6 14.Rf2 Ne5 15.h3 b5 16.a3 a5
17.Raf1 b4 18.axb4 axb4 19.Nd1 N7c6 20.c3 bxc3 21.bxc3 Qa5 22.Nf4 Bd7 23.Ne3 Ne7
24.g4 Rb3 25.Nd1 Qb6 26.Nh5+ gxh5 27.Qg5+ N7g6 28.gxh5 Qd8 29.Qxd8 Rxd8 30.hxg6
hxg6 31.d4 cxd4 32.cxd4 Nc6 33.Rxf7+ Kg8 34.d5 Ne5 35.R7f4 Kg7 36.h4 Bb5 37.R1f2
Rb1 38.Rd2 Ba4 39.Rf1 Rh8 40.Nc3 Rxf1+ 41.Kxf1 Bd7 42.Rb2 Rxh4 43.Rb6 Rf4+
44.Ke1 Rf6 45.Bf1 Rf3 46.Nd1 Rf6 47.Ne3 Kf7 48.Ba6 Ke7 49.Nc4 Nd3+ 50.Ke2 Nc5
51.Ke3 Bg4 52.Nd2 g5 53.Kd4 Rf4 54.Bd3 Bd7 55.Nc4 Rf6 56.Bc2 Na4 57.Bxa4 Bxa4
58.Rb7+ Kf8 59.Ne3 Be8 60.Rb6 Ke7 61.Nf5+ Kd7 62.Rb7+ Kd8 63.Rg7 Bd7 64.Rg8+ Kc7
65.Rxg5 Bxf5 66.exf5 Rf7 67.Ke4 Kd7 68.Rg6 Ke7 69.Re6+ Kd7 70.f6

[Event "9th EUROPEAN  INDIVIDUAL  WOME"]
[Site "Plovdiv, Bulgaria"]
[Date "2008.04.24"]
[Round "4"]
[Board "1"]
[White "Tsarouha, Marianthi"]
[Black "Makropoulou, Marina"]
[Result "0-1"]
[WhiteElo "1747"]
[BlackElo "2254"]
[PlyCount "64"]
[EventDate "2008.04.21"]
[EventRounds "11"]
[EventCountry "BUL"]

1.d4 Nf6 2.c4 g6 3.Nc3 Bg7 4.g3 d6 5.Bg2 O-O 6.e3 Nc6 7.Nge2 e5 8.O-O Bd7 9.a3
Qc8 10.b4 Bh3 11.b5 Bxg2 12.Kxg2 Ne7 13.a4 Re8 14.Ba3 Nf5 15.Rc1 a6 16.d5 Bh6
17.Qd3 e4 18.Qd2 Qd7 19.h3 Bg7 20.Nd4 h5 21.f3 Nxd4 22.exd4 axb5 23.cxb5 exf3+
24.Rxf3 Ne4 25.Nxe4 Rxe4 26.Qc2 Rae8 27.Rf2 Bxd4 28.Qxc7 Qxc7 29.Rxc7 Bxf2
30.Bxd6 Bb6 31.Rxb7 Re2+ 32.Kf1 Rf2+

[Event "9th EUROPEAN  INDIVIDUAL  WOME"]
[Site "Plovdiv, Bulgaria"]
[Date "2008.04.24"]
[Round "4"]
[Board "1"]
[White "Mihajlova, Diana"]
[Black "Cherednichenko, Svetlana"]
[Result "0-1"]
[WhiteElo "1623"]
[BlackElo "2270"]
[PlyCount "62"]
[EventDate "2008.04.21"]
[EventRounds "11"]
[EventCountry "BUL"]

1.e4 e6 2.d4 d5 3.e5 c5 4.Nf3 Nc6 5.Bb5 Qa5+ 6.Nc3 cxd4 7.Nxd4 Bd7 8.Bg5 Nxe5
9.Bxd7+ Nxd7 10.O-O Ngf6 11.Ncb5 e5 12.Qe2 Ne4 13.Nb3 Qb6 14.Rad1 Nxg5 15.Rxd5
Ne6 16.Rfd1 Nf4 17.Rxe5+ Nxe5 18.Qxe5+ Ne6 19.c4 Be7 20.Nd6+ Bxd6 21.Rxd6 Rd8
22.c5 Rxd6 23.cxd6 Kd7 24.Qe4 Rc8 25.h3 Qxd6 26.Qxb7+ Rc7 27.Qb5+ Ke7 28.Qa4 Qf4
29.Qa3+ Kf6 30.g3 Qe4 31.h4 Rd7

[Event "9th EUROPEAN  INDIVIDUAL  WOME"]
[Site "Plovdiv, Bulgaria"]
[Date "2008.04.24"]
[Round "4"]
[Board "1"]
[White "Skinke, Katrina"]
[Black "Zhorzholiani, Meri"]
[Result "1-0"]
[WhiteElo "2204"]
[BlackElo "2133"]
[PlyCount "63"]
[EventDate "2008.04.21"]
[EventRounds "11"]
[EventCountry "BUL"]

1.e4 c5 2.Nf3 d6 3.d4 cxd4 4.Nxd4 Nf6 5.Nc3 Nc6 6.Bg5 e6 7.Qd2 Qb6 8.Nb3 a6
9.O-O-O Be7 10.f3 O-O 11.g4 Qc7 12.h4 Rd8 13.Be3 b5 14.g5 Nd7 15.h5 Nce5 16.f4
Nc4 17.Bxc4 Qxc4 18.Qg2 a5 19.g6 b4 20.Nd2 Qa6 21.Na4 Bb7 22.h6 fxg6 23.Qh3 Kf7
24.hxg7 Rg8 25.f5 exf5 26.exf5 Bxh1 27.fxg6+ hxg6 28.Rxh1 Qc6 29.Rf1+ Bf6 30.Ne4
Rac8 31.Ng5+ Ke7 32.Qe6+

[Event "9th EUROPEAN  INDIVIDUAL  WOME"]
[Site "Plovdiv, Bulgaria"]
[Date "2008.04.24"]
[Round "4"]
[Board "1"]
[White "Lematschko, Tatjana"]
[Black "Khropova, Larisa"]
[Result "1-0"]
[WhiteElo "2189"]
[BlackElo "2069"]
[PlyCount "73"]
[EventDate "2008.04.21"]
[EventRounds "11"]
[EventCountry "BUL"]

1.e4 d5 2.exd5 Qxd5 3.Nc3 Qa5 4.d4 Nf6 5.Bb5+ c6 6.Bc4 Bf5 7.Nge2 e6 8.O-O Bd6
9.Bf4 Qc7 10.Bg3 Nbd7 11.Bd3 O-O-O 12.Bxf5 exf5 13.Qd3 g6 14.Rad1 Rhe8 15.a3 Nb6
16.Nc1 Ne4 17.Bxd6 Rxd6 18.N3e2 Nd5 19.c4 Ndf6 20.f3 Nc5 21.Qc3 Ncd7 22.Nf4 c5
23.d5 g5 24.Nfd3 g4 25.Rde1 Rg8 26.fxg4 Nxg4 27.Rxf5 Rh6 28.Nf4 Rxh2 29.Rg5 Qxf4
30.Rxg8+ Kc7 31.d6+ Kxd6 32.Rxg4 Qxg4 33.Kxh2 Qh4+ 34.Kg1 f6 35.Rd1+ Kc6 36.Qf3+
Kc7 37.Qh3

[Event "9th EUROPEAN  INDIVIDUAL  WOME"]
[Site "Plovdiv, Bulgaria"]
[Date "2008.04.24"]
[Round "4"]
[Board "1"]
[White "Hairapetian, Anna"]
[Black "Mammadova, Gulnar"]
[Result "1-0"]
[WhiteElo "2115"]
[BlackElo "2188"]
[PlyCount "77"]
[EventDate "2008.04.21"]
[EventRounds "11"]
[EventCountry "BUL"]

1.e4 d6 2.d4 Nf6 3.Nc3 g6 4.Be3 Bg7 5.Qd2 c6 6.Nf3 Qa5 7.Bd3 Na6 8.Bh6 O-O
9.Bxg7 Kxg7 10.O-O Nh5 11.a3 Qc7 12.e5 Bg4 13.Be2 dxe5 14.Nxe5 Bxe2 15.Nxe2 f6
16.Ng4 Kg8 17.Rad1 Rad8 18.Qe3 Qd7 19.h3 e6 20.Rfe1 Nc7 21.c4 Ng7 22.Qc3 h5
23.Ne3 f5 24.Nf4 Qf7 25.Qa5 g5 26.Nd3 Nge8 27.Ne5 Kg7 28.Qxa7 f4 29.Nf1 Nd6
30.Nh2 Nce8 31.Qa5 Nf6 32.Nd3 Nxc4 33.Qc5 Nd6 34.Rxe6 Nde4 35.Qc4 Kh7 36.Re1
Rfe8 37.Nc5 Qg7 38.Nxe4 Nxe4 39.Rh6+

[Event "9th EUROPEAN  INDIVIDUAL  WOME"]
[Site "Plovdiv, Bulgaria"]
[Date "2008.04.24"]
[Round "4"]
[Board "1"]
[White "Galunova, Tsveta"]
[Black "Gromova, Iulia"]
[Result "1/2-1/2"]
[WhiteElo "1816"]
[BlackElo "2232"]
[PlyCount "127"]
[EventDate "2008.04.21"]
[EventRounds "11"]
[EventCountry "BUL"]

1.e4 c6 2.d4 d5 3.Nd2 dxe4 4.Nxe4 Bf5 5.Ng3 Bg6 6.N1e2 e6 7.Nf4 Bd6 8.h4 Bxf4
9.Bxf4 h6 10.h5 Bh7 11.Qg4 Kf8 12.O-O-O Nd7 13.Bd3 Ngf6 14.Qf3 Bxd3 15.Rxd3 Kg8
16.Ne4 Nxe4 17.Qxe4 Nf6 18.Qe5 Kh7 19.Rg3 Qd5 20.a3 Rad8 {Diagram #} 21.Bxh6
Qxe5 22.dxe5 Ne4 23.Rxg7+ Kxh6 24.Rxf7 Rhf8 25.Rxf8 Rxf8 26.f3 Ng3 27.Rh3 Ne2+
28.Kd2 Nf4 29.Rh2 Rf5 30.g3 Rxh5 31.Rf2 Nh3 32.Rh2 Kg6 33.Ke3 Rxe5+ 34.Kd4 Rd5+
35.Ke3 Ng5 36.f4 Nf7 37.g4 Nh6 38.Kf3 Rd1 39.Rf2 Ng8 40.Re2 Kf6 41.g5+ Kf7
42.Rh2 Kg7 43.Re2 Rd6 44.Ke4 Ne7 45.Ke5 Nf5 46.Rh2 Rd5+ 47.Kxe6 Nd4+ 48.Ke7 Rf5
49.Rf2 Kg6 50.c3 Nb3 51.Kd6 Nc5 52.Re2 Rd5+ 53.Kc7 Rd7+ 54.Kc8 Rf7 55.b4 Na4
56.Re6+ Kg7 57.Rf6 Nb6+ 58.Kd8 Rd7+ 59.Ke8 Rc7 60.f5 Rc8+ 61.Ke7 Nd5+ 62.Kd7
Nb6+ 63.Ke7 Nd5+ 64.Kd7

[Event "9th EUROPEAN  INDIVIDUAL  WOME"]
[Site "Plovdiv, Bulgaria"]
[Date "2008.04.24"]
[Round "4"]
[Board "1"]
[White "De Rosa, Maria"]
[Black "Stiri, Alexandra"]
[Result "1/2-1/2"]
[WhiteElo "2094"]
[BlackElo "2193"]
[PlyCount "108"]
[EventDate "2008.04.21"]
[EventRounds "11"]
[EventCountry "BUL"]

1.e4 c5 2.Nf3 e6 3.d4 cxd4 4.Nxd4 Nf6 5.Nc3 Nc6 6.Ndb5 Bc5 7.Bf4 O-O 8.Be2 e5
9.Bg5 a6 10.Nd6 h6 11.Bh4 Nd4 12.Nc4 Bb4 13.O-O Bxc3 14.bxc3 Ne6 15.Nxe5 g5
16.Bg3 Nxe4 17.Bd3 d5 18.Qh5 Ng7 19.Qxh6 Re8 20.Bxe4 dxe4 21.Rad1 Qe7 22.Qb6 a5
23.Qb5 f5 24.f4 Nh5 25.Qe2 Nxf4 26.Bxf4 gxf4 27.Ng6 Qc7 28.Kh1 Qxc3 29.Rxf4 Qg7
30.Qh5 Be6 31.Nh4 Qe5 32.Rdf1 Re7 33.Nxf5 Rh7 34.Qg6+ Kh8 35.Ng3 Rg8 36.Qxe4
Qxe4 37.Nxe4 Bd5 38.R1f2 Rh6 39.c3 Rc8 40.Rf8+ Rxf8 41.Rxf8+ Kg7 42.Re8 Rb6
43.h4 Bxa2 44.Ra8 Bd5 45.Nd2 Rb2 46.Nf3 Ra2 47.Rd8 Bc6 48.Rd2 Ra1+ 49.Kh2 a4
50.Nd4 Be4 51.Rb2 b5 52.Nxb5 a3 53.Nxa3 Rxa3 54.c4 Rc3 {....}

[Event "9th EUROPEAN  INDIVIDUAL  WOME"]
[Site "Plovdiv, Bulgaria"]
[Date "2008.04.24"]
[Round "4"]
[Board "1"]
[White "Marin, Irina Luiza"]
[Black "Ikonomopoulou, Maria"]
[Result "0-1"]
[WhiteElo "2182"]
[BlackElo "2050"]
[PlyCount "88"]
[EventDate "2008.04.21"]
[EventRounds "11"]
[EventCountry "BUL"]

1.c4 e5 2.g3 c6 3.d4 e4 4.Nc3 d5 5.cxd5 cxd5 6.Qb3 Nc6 7.Qxd5 Qxd5 8.Nxd5 Nxd4
9.Nc7+ Kd8 10.Nxa8 Nc2+ 11.Kd1 Nxa1 12.Be3 Be6 13.Bh3 Bxa2 14.Bxa7 Bb4 15.Bb6+
Ke7 16.Nc7 Nf6 17.Nb5 Nd5 18.Bd4 Bb3+ 19.Kc1 Nc2 20.Bc3 Ra8 21.Bg2 f5 22.Nh3 Ra5
23.Bxb4+ Ncxb4 24.Nd4 Bc4 25.Nxf5+ Kf6 26.Nd4 Ke5 27.Nc2 Nxc2 28.Kxc2 Bxe2
29.Kd2 Bd3 30.Nf4 Nxf4 31.gxf4+ Kxf4 32.Rc1 Rg5 33.Bh3 Rh5 34.Bc8 Rxh2 35.Bxb7
Rxf2+ 36.Kc3 Rf1 37.Rxf1+ Bxf1 38.b4 h5 39.Kd2 h4 40.Ke1 Bb5 41.Bc8 g5 42.Bh3 g4
43.Bf1 Bxf1 44.Kxf1 Ke5

[Event "9th EUROPEAN  INDIVIDUAL  WOME"]
[Site "Plovdiv, Bulgaria"]
[Date "2008.04.24"]
[Round "4"]
[Board "1"]
[White "Bayrak, Asli"]
[Black "Videnova, Iva"]
[Result "0-1"]
[WhiteElo "2031"]
[BlackElo "2178"]
[PlyCount "144"]
[EventDate "2008.04.21"]
[EventRounds "11"]
[EventCountry "BUL"]

1.e4 c5 2.Nc3 Nc6 3.g3 g6 4.Bg2 Bg7 5.d3 d6 6.f4 e6 7.Nf3 Nge7 8.O-O O-O 9.Be3
b6 10.d4 Ba6 11.Rf2 Qc7 12.a4 Rad8 13.Nb5 Bxb5 14.axb5 Nxd4 15.Nxd4 cxd4 16.Bxd4
e5 17.Bc3 exf4 18.gxf4 Bxc3 19.bxc3 f5 20.exf5 Rxf5 21.Bh3 Rf6 22.Qd4 Rdf8
23.Re1 Nf5 24.Qd5+ Kg7 25.c4 Qc5 26.Bg2 Rc8 27.Qxc5 Rxc5 28.Bd5 Rc7 29.Rfe2 Rf8
30.c3 Rd8 {Diagram #} 31.Bc6 Kf8 32.Re8+ Rxe8 33.Rxe8+ Kg7 {Diagram #} 34.Kf2
Ne7 {Diagram #} 35.Ra8 Nxc6 36.bxc6 a5 37.Ke3 Rxc6 38.Kd4 Kf6 39.Rb8 Kf5 40.Rf8+
Kg4 41.Rf7 h6 42.Rf6 g5 43.fxg5 Kxg5 44.Re6 a4 45.Kd3 h5 46.Re7 Rc5 47.Rd7 a3
48.Kc2 a2 49.Kb2 Rxc4 50.Rxd6 Rxc3 51.Rxb6 Kg4 52.Ra6 Rc8 53.Ra3 h4 54.Rd3 Rc2+
55.Ka1 Rc1+ 56.Kxa2 Rc2+ 57.Kb3 Rxh2 58.Rd4+ Kf3 59.Rd8 Rg2 60.Rh8 Rg4 61.Rd8 h3
62.Rd3+ Kg2 63.Rd2+ Kg3 64.Rd3+ Kh4 65.Rd2 Rg3+ 66.Kc4 Rg2 67.Rd8 Rg4+ 68.Kd3
Kg3 69.Ke3 h2 70.Rd1 Kg2 71.Rd2+ Kh3 72.Rd1 Rg1

[Event "9th EUROPEAN  INDIVIDUAL  WOME"]
[Site "Plovdiv, Bulgaria"]
[Date "2008.04.24"]
[Round "4"]
[Board "1"]
[White "Bakalarz, Grazyna"]
[Black "Coimbra, Margarida"]
[Result "1/2-1/2"]
[WhiteElo "2006"]
[BlackElo "2120"]
[PlyCount "44"]
[EventDate "2008.04.21"]
[EventRounds "11"]
[EventCountry "BUL"]

1.d4 d5 2.Bf4 Nf6 3.e3 Bf5 4.c4 c6 5.Nc3 e6 6.Qb3 Qb6 7.c5 Qxb3 8.axb3 Nbd7
9.Nf3 a6 10.b4 Rc8 11.h3 h6 12.Be2 g5 13.Bg3 Bg7 14.Ne5 O-O 15.O-O Nxe5 16.Bxe5
Nd7 17.Bxg7 Kxg7 18.f4 f6 19.g4 Bh7 20.Kg2 e5 21.f5 e4 22.Kg3 Bg8

[Event "9th EUROPEAN  INDIVIDUAL  WOME"]
[Site "Plovdiv, Bulgaria"]
[Date "2008.04.25"]
[Round "5"]
[Board "1"]
[White "Muzychuk, Anna"]
[Black "Peptan, Corina Isabela"]
[Result "1/2-1/2"]
[WhiteElo "2486"]
[BlackElo "2415"]
[PlyCount "50"]
[EventDate "2008.04.21"]
[EventRounds "11"]
[EventCountry "BUL"]

1.e4 c5 2.Nf3 d6 3.d4 cxd4 4.Nxd4 Nf6 5.Nc3 Nc6 6.f3 e5 7.Nb3 h6 8.Be3 Be6 9.Nd5
Bxd5 10.exd5 Nb4 11.Bb5+ Ke7 12.O-O a6 13.Bd3 Nfxd5 14.Bf2 Nxd3 15.Qxd3 Nf4
16.Qe4 Qc7 17.Rfe1 Ne6 18.f4 f6 19.Nd4 Nxd4 20.Bxd4 Kf7 21.Qd5+ Kg6 22.fxe5 dxe5
23.Qe4+ Kf7 24.Qd5+ Kg6 25.Qe4+ Kf7

[Event "9th EUROPEAN  INDIVIDUAL  WOME"]
[Site "Plovdiv, Bulgaria"]
[Date "2008.04.25"]
[Round "5"]
[Board "1"]
[White "Dzagnidze, Nana"]
[Black "Lahno, Kateryna"]
[Result "1/2-1/2"]
[WhiteElo "2443"]
[BlackElo "2479"]
[PlyCount "107"]
[EventDate "2008.04.21"]
[EventRounds "11"]
[EventCountry "BUL"]

1.d4 Nf6 2.c4 g6 3.Nc3 d5 4.Nf3 Bg7 5.Bf4 O-O 6.Rc1 dxc4 7.e3 Be6 8.Ng5 Bd5 9.f3
h6 10.Nge4 Bxe4 11.fxe4 Nh5 12.d5 c6 13.Bxc4 cxd5 14.exd5 Nxf4 15.exf4 Nd7
16.O-O Qb6+ 17.Kh1 Qxb2 18.d6 e6 19.Nb5 a6 20.Nc7 Rad8 21.Rb1 Qd4 22.Qxd4 Bxd4
23.Rfd1 Be3 24.g3 Nc5 25.Kg2 Ne4 26.Rd3 Nxd6 27.Nxe6 fxe6 28.Bxe6+ Kg7 29.Rxe3
Rfe8 30.Re5 b5 31.Rbe1 a5 32.Kf3 a4 33.a3 Re7 34.g4 Rde8 35.h4 Nc4 36.Bxc4 Rxe5
37.fxe5 bxc4 38.Rc1 Rc8 39.Ke4 Kf7 40.Kd5 Rd8+ 41.Ke4 Rc8 42.Kd4 Ke6 43.Rxc4
Rxc4+ 44.Kxc4 Kxe5 45.Kb4 Kf4 46.g5 hxg5 47.hxg5 Kxg5 48.Kxa4 Kf4 49.Kb5 g5
50.a4 g4 51.a5 g3 52.a6 g2 53.a7 g1=Q 54.a8=Q

[Event "9th EUROPEAN  INDIVIDUAL  WOME"]
[Site "Plovdiv, Bulgaria"]
[Date "2008.04.25"]
[Round "5"]
[Board "1"]
[White "Cmilyte, Viktorija"]
[Black "Kazimova, Narmin"]
[Result "1-0"]
[WhiteElo "2466"]
[BlackElo "2071"]
[PlyCount "36"]
[EventDate "2008.04.21"]
[EventRounds "11"]
[EventCountry "BUL"]

1.d4 Nf6 2.c4 e6 3.Nf3 b6 4.g3 Ba6 5.Qc2 c5 6.d5 Bb7 7.Bg2 exd5 8.cxd5 Nxd5
9.O-O Be7 10.Rd1 Nc6 11.Qa4 Nc7 12.Nc3 Qc8 13.Qg4 O-O 14.Bf4 f5 15.Qh5 Ne6
16.Nd5 Nxf4 17.Nxf4 Bf6 18.Ng5 Qd8

[Event "9th EUROPEAN  INDIVIDUAL  WOME"]
[Site "Plovdiv, Bulgaria"]
[Date "2008.04.25"]
[Round "5"]
[Board "1"]
[White "Cramling, Pia"]
[Black "Vajda, Szidonia"]
[Result "1-0"]
[WhiteElo "2539"]
[BlackElo "2413"]
[PlyCount "197"]
[EventDate "2008.04.21"]
[EventRounds "11"]
[EventCountry "BUL"]

1.d4 d5 2.Nf3 e6 3.c4 c5 4.cxd5 exd5 5.g3 Nc6 6.Bg2 Nf6 7.O-O Be7 8.Nc3 O-O
9.Bg5 cxd4 10.Nxd4 h6 11.Bf4 Bg4 12.h3 Be6 13.Rc1 Re8 14.Nxc6 bxc6 15.Na4 Qd7
16.Kh2 Bf5 17.Nc5 Bxc5 18.Rxc5 Qb7 19.b3 Qa6 20.a4 Rxe2 21.Rxc6 Qxc6 22.Qxe2 Re8
23.Qd2 Qb6 24.b4 Be4 25.Be3 Qb7 26.Bd4 Bxg2 27.Kxg2 Ne4 28.Qb2 f6 29.b5 Nd6
30.Rc1 Nc4 31.Qb4 Qe7 32.Qxe7 Rxe7 33.Ra1 Rb7 34.Re1 Kf7 35.g4 Nb6 36.Ra1 Nc4
37.Re1 Nb6 38.Ra1 Nc4 39.Ra2 Ke6 40.Kf3 Kd6 41.Ke2 Re7+ 42.Kd1 Ne5 43.Rc2 Nc4
44.Rc3 Rb7 45.Kc2 Kc7 46.Kb3 Kb8 47.Kb4 a6 48.Rd3 axb5 49.axb5 Rd7 50.Kc5 Kb7
51.Rd1 Nb6 52.Kb4 Re7 53.f3 Nc4 54.Ra1 Nb6 55.Rd1 Nc4 56.Bc5 Rd7 57.f4 Nb6
58.Rd2 Nc8 59.f5 Nb6 60.Rd1 Nc4 61.Ra1 Kb8 62.Bd4 Ne5 63.Kc5 Nf3 64.Rd1 Ng5
65.Rd3 Ne4+ 66.Kb6 Rd6+ 67.Ka5 Kb7 68.Kb4 Rd7 69.Ra3 Kb8 70.b6 Nd6 71.Kc5 Nc8
72.Re3 Kb7 73.Re6 Rd8 74.Bf2 Rd7 75.Be3 Rd8 76.Bd4 Rd7 77.h4 Rd8 78.g5 hxg5
79.hxg5 fxg5 80.Bxg7 Rd7 81.Bd4 g4 82.Rg6 g3 83.Rxg3 Nd6 84.Rf3 Ne4+ 85.Kb5 Nd6+
86.Kc5 Ne4+ 87.Kb4 Kc6 88.Rf1 Rf7 89.Ka5 Rf8 90.Rc1+ Kb7 91.Rc7+ Kb8 92.f6 Nxf6
93.Be5 Ng4 94.Rf7+ Nxe5 95.Rxf8+ Kb7 96.Kb5 Nc4 97.Rf7+ Kc8 98.Ka6 Nd6 99.b7+

[Event "9th EUROPEAN  INDIVIDUAL  WOME"]
[Site "Plovdiv, Bulgaria"]
[Date "2008.04.25"]
[Round "5"]
[Board "1"]
[White "Danielian, Elina"]
[Black "Houska, Jovanka"]
[Result "1/2-1/2"]
[WhiteElo "2479"]
[BlackElo "2390"]
[PlyCount "107"]
[EventDate "2008.04.21"]
[EventRounds "11"]
[EventCountry "BUL"]

1.Nf3 Nf6 2.g3 d5 3.Bg2 c6 4.O-O Bf5 5.d3 e6 6.c4 Nbd7 7.h3 h6 8.Be3 Bc5 9.Bxc5
Nxc5 10.b4 Ncd7 11.Nc3 O-O 12.Qb3 Qe7 13.Rab1 Nb6 14.cxd5 cxd5 15.Rfc1 e5 16.Na4
Nxa4 17.Qxa4 a6 18.Qa5 Rac8 19.Rc5 Qe6 20.Rxc8 Rxc8 21.g4 Bg6 22.b5 axb5 23.Qxb5
Rc7 24.Qa5 Qe7 25.Nh4 Bh7 26.Qa8+ Qf8 27.Qa7 g5 28.Nf3 Qe7 29.Nh2 e4 30.Qd4 Rc2
31.dxe4 Rxe2 32.Rb6 Nxe4 33.Qxd5 Nxf2 34.Nf1 Be4 35.Bxe4 Nxh3+ 36.Kh1 Qxe4+
37.Qxe4 Rxe4 38.Rxh6 Nf2+ 39.Kg2 Nxg4 40.Rb6 Ne3+ 41.Kf3 Rf4+ 42.Kxe3 Rxf1
43.Rxb7 Kg7 44.a4 g4 45.a5 Rf3+ 46.Ke4 Kg6 47.a6 f5+ 48.Ke5 Ra3 49.a7 Ra4 50.Rc7
Kg5 51.Rg7+ Kh6 52.Rg8 Rxa7 53.Kxf5 Rf7+ 54.Kxg4

[Event "9th EUROPEAN  INDIVIDUAL  WOME"]
[Site "Plovdiv, Bulgaria"]
[Date "2008.04.25"]
[Round "5"]
[Board "1"]
[White "Rajlich, Iweta"]
[Black "Hoang, Thanh Trang"]
[Result "1/2-1/2"]
[WhiteElo "2411"]
[BlackElo "2477"]
[PlyCount "131"]
[EventDate "2008.04.21"]
[EventRounds "11"]
[EventCountry "BUL"]

1.d4 f5 2.Bg5 g6 3.Nc3 d5 4.Qd2 Bg7 5.O-O-O h6 6.Bf4 Nf6 7.f3 c6 8.h4 Be6 9.Nh3
Nbd7 10.Nf2 Qa5 11.e3 b5 12.a3 Nb6 13.Nce4 Qxd2+ 14.Nxd2 O-O 15.Nb3 Nfd7 16.Na5
Rac8 17.g4 fxg4 18.Nxg4 Bxg4 19.fxg4 e5 20.dxe5 Nxe5 21.g5 h5 22.Bh3 Rce8 23.b3
c5 24.Nb7 d4 25.Nxc5 dxe3 26.Bxe3 Ng4 27.Bxg4 Rxe3 28.Be6+ Kh7 29.Rhf1 Re8
30.Bd7 R8e5 31.Na6 Nd5 32.Bc6 Nc3 33.Rd3 Re1+ 34.Rxe1 Rxe1+ 35.Kd2 Re2+ 36.Kc1
Re6 37.Nb8 a5 38.Bf3 b4 39.axb4 axb4 40.Nd7 Na2+ 41.Kd1 Nc3+ 42.Kd2 Nb5 43.Nc5
Bc3+ 44.Kc1 Re1+ 45.Rd1 Nd4 46.Rxe1 Bxe1 47.Bd5 Bxh4 48.Ne4 Kg7 49.Kd2 Nf3+
50.Kd3 Nxg5 51.Nxg5 Bxg5 52.c3 bxc3 53.Kxc3 Bd8 54.Kd3 g5 55.Bf3 Kg6 56.Ke2 g4
57.Kf2 Kg5 58.Bd1 Kf4 59.Kg2 Ba5 60.Be2 Bb4 61.Bd1 Bd6 62.Be2 Ke3 63.Bc4 h4
64.Be6 h3+ 65.Kh1 Kf3 66.Bxg4+

[Event "9th EUROPEAN  INDIVIDUAL  WOME"]
[Site "Plovdiv, Bulgaria"]
[Date "2008.04.25"]
[Round "5"]
[Board "1"]
[White "Repkova, Eva"]
[Black "Ushenina, Anna"]
[Result "0-1"]
[WhiteElo "2381"]
[BlackElo "2474"]
[PlyCount "104"]
[EventDate "2008.04.21"]
[EventRounds "11"]
[EventCountry "BUL"]

1.e4 c6 2.d4 d5 3.exd5 cxd5 4.c4 Nf6 5.Nc3 g6 6.Qb3 Bg7 7.cxd5 O-O 8.Bc4 Nbd7
9.Nge2 Nb6 10.O-O Nxc4 11.Qxc4 b6 12.Bg5 Bb7 13.Nf4 Qd7 14.Rfe1 Rad8 15.Bh4 Rfe8
16.Rad1 Qf5 17.Bg3 Nxd5 18.Nfxd5 Bxd5 19.Nxd5 Qxd5 20.Qxd5 Rxd5 21.Be5 Bh6
22.Bf6 Kf8 23.Re5 Rd6 24.Bh4 Bg7 25.Re4 Rd5 26.Bg3 Rc8 27.Rde1 e6 28.Be5 Rc2
29.R4e2 Rxe2 30.Bxg7+ Kxg7 31.Rxe2 Rxd4 32.g3 Kf6 33.Rc2 Rd7 34.h4 h6 35.Kg2 g5
36.hxg5+ hxg5 37.Rc4 Rd2 38.Rb4 Ke5 39.a4 Kd6 40.Kf3 Kc6 41.Rc4+ Kd6 42.b4 e5
43.Ke3 Ra2 44.b5 f5 45.g4 Kd5 46.Rc7 f4+ 47.Kf3 e4+ 48.Kg2 e3 49.Rxa7 Rxf2+
50.Kg1 Ra2 51.Rg7 Ra1+ 52.Kg2 e2

[Event "9th EUROPEAN  INDIVIDUAL  WOME"]
[Site "Plovdiv, Bulgaria"]
[Date "2008.04.25"]
[Round "5"]
[Board "1"]
[White "Lomineishvili, Maia"]
[Black "Pogonina, Natalija"]
[Result "0-1"]
[WhiteElo "2400"]
[BlackElo "2470"]
[PlyCount "124"]
[EventDate "2008.04.21"]
[EventRounds "11"]
[EventCountry "BUL"]

1.e4 c5 2.Nf3 d6 3.d4 cxd4 4.Nxd4 Nf6 5.Nc3 g6 6.Be3 Bg7 7.f3 O-O 8.Bc4 Nc6
9.Bb3 Na5 10.Qd2 Bd7 11.h4 h5 12.O-O-O Rc8 13.Bg5 Nxb3+ 14.axb3 Re8 15.Kb1 a5
16.g4 hxg4 17.Bxf6 exf6 18.h5 Re5 19.h6 Bf8 20.fxg4 Bc6 21.Qf4 Qe7 22.Nf5 Qe6
23.Ng7 Qe7 24.Nf5 Qe6 25.Nd4 Qe7 26.Nxc6 bxc6 27.Rdf1 Re6 28.Rh3 Re8 29.Rhf3 Qa7
30.Qd2 Be7 31.g5 Kh7 32.gxf6 Bf8 33.Rg3 Qc5 34.Qd3 Re5 35.Rfg1 R8e6 36.Qf3 Rh5
37.Ne2 Qe5 38.Rf1 Bxh6 39.Rg4 Bg5 40.Ng3 Rxf6 41.Qg2 Rxf1+ 42.Qxf1 Bf6 43.c3 Rh2
44.Ne2 Kg8 45.Nd4 Qh5 46.Qf5 Bxd4 47.Qxh5 Rxh5 48.cxd4 Rh2 49.e5 dxe5 50.dxe5
Re2 51.Rc4 Rxe5 52.Rxc6 g5 53.Kc2 g4 54.Kd3 Kg7 55.Rc4 f5 56.b4 axb4 57.Rxb4 g3
58.Rb7+ Kf6 59.Rb8 Kg5 60.b4 Kf4 61.b5 g2 62.Rg8 Re3+

[Event "9th EUROPEAN  INDIVIDUAL  WOME"]
[Site "Plovdiv, Bulgaria"]
[Date "2008.04.25"]
[Round "5"]
[Board "1"]
[White "Vasilevich, Tatjana"]
[Black "Javakhishvili, Lela"]
[Result "1/2-1/2"]
[WhiteElo "2360"]
[BlackElo "2466"]
[PlyCount "41"]
[EventDate "2008.04.21"]
[EventRounds "11"]
[EventCountry "BUL"]

1.Nf3 Nf6 2.c4 g6 3.d4 Bg7 4.Nc3 O-O 5.e4 d6 6.Be2 e5 7.O-O Nc6 8.d5 Ne7 9.b4
Nh5 10.Re1 f5 11.Ng5 Nf6 12.Bf3 Kh8 13.Qb3 c6 14.Bb2 fxe4 15.Ngxe4 Nf5 16.Nb1
Nh4 17.Nbd2 Nxf3+ 18.Nxf3 Nxe4 19.Rxe4 cxd5 20.cxd5 Bf5 21.Rc4

[Event "9th EUROPEAN  INDIVIDUAL  WOME"]
[Site "Plovdiv, Bulgaria"]
[Date "2008.04.25"]
[Round "5"]
[Board "1"]
[White "Zhukova, Natalia"]
[Black "Turova, Irina"]
[Result "1-0"]
[WhiteElo "2450"]
[BlackElo "2380"]
[PlyCount "80"]
[EventDate "2008.04.21"]
[EventRounds "11"]
[EventCountry "BUL"]

1.d4 Nf6 2.c4 e6 3.Nf3 Bb4+ 4.Nbd2 d6 5.e3 Nbd7 6.Bd3 e5 7.O-O Bxd2 8.Nxd2 O-O
9.b4 a5 10.b5 b6 11.a4 Bb7 12.Ba3 Re8 13.Nb3 exd4 14.exd4 Nf8 15.d5 N8d7 16.Nd4
Nc5 17.Bc2 Nfd7 18.f4 Ne4 19.Bb2 Ndf6 20.Ra3 Qd7 21.Re3 Nc5 22.Bf5 Qd8 23.Rg3 g6
24.Bc2 Nfe4 25.Re3 f5 26.Bxe4 Rxe4 27.Rxe4 Nxe4 28.Ne6 Qe7 29.Qd4 Rc8 30.Qh8+
Kf7 31.Qxh7+ Ke8 32.Qxg6+ Qf7 33.Ng7+ Kf8 34.Qxf5 Qxf5 35.Nxf5 Nc5 36.Ng7 Nxa4
37.Ne6+ Kf7 38.Bd4 Nc5 39.Bxc5 dxc5 40.g4 Rg8